Las transformaciones de la empresa en el derecho del trabajo (Registro nro. 4815)

Detalles MARC
000 -LEADER
fixed length control field 03020 a2200277 4500
001 - CONTROL NUMBER
control field 49344
005 - DATE AND TIME OF LATEST TRANSACTION
control field 20260407155757.0
008 - FIXED-LENGTH DATA ELEMENTS--GENERAL INFORMATION
fixed length control field 260407a2007 arg spa d
003 - CONTROL NUMBER IDENTIFIER
control field AR-UNSa-BCEJYS
040 ## - CATALOGING SOURCE
Original cataloging agency AR-UNSa-BCEJYS
Language of cataloging spa
Transcribing agency AR-UNSa-BCEJYS
080 ## - UNIVERSAL DECIMAL CLASSIFICATION NUMBER
Universal Decimal Classification number 349.2
Common auxiliary subdivision Derecho del Trabajo
020 ## - INTERNATIONAL STANDARD BOOK NUMBER
International Standard Book Number 978-950-727-775-7
041 ## - LANGUAGE CODE
Language code of text/sound track or separate title spa
100 1# - MAIN ENTRY--PERSONAL NAME
Personal name Ackerman, Mario E.
245 10 - TITLE STATEMENT
Title Las transformaciones de la empresa en el derecho del trabajo
264 #1 - PRODUCTION, PUBLICATION, DISTRIBUTION, MANUFACTURE, AND COPYRIGHT NOTICE
Place of production, publication, distribution, manufacture Santa Fe :
Name of producer, publisher, distributor, manufacturer Rubinzal-Culzoni Editores
Date of production, publication, distribution, manufacture, or copyright notice 2007
300 ## - PHYSICAL DESCRIPTION
Extent 885 p.
Dimensions 22 cm.
505 ## - FORMATTED CONTENTS NOTE
Formatted contents note 1. Las relaciones laborales en la reestructuración y saneamiento de las empresas / José Luis Monereo Pérez - 2. Las mutaciones de la empresa en el inicio del siglo XXI / Horacio Las Heras - 3. Las mutuaciones de la empresa en el inicio del siglo XXI / Hugo Fernández Bringoni - 4. La empresa como estructura compleja / Juan Pablo Mugnolo - 5. La empresa como estructura compleja / Ana Soleto Márquez - 6. Participación de los trabajadores en la gestión de la empresa / Silvia Esther Pinto Varela - 7. Formas actuales de la participación de los trabajadores en la empresa: ¿El imperio de lo verosímil? / Hugo Barretto Ghione - 8. La descentralización productiva (Anatomía y patología en Argentina) / Diego Martín Tosca - 9. Descentralización productiva responsable: El desafío de descentralizar sin precarizar / Gustavo Gauhtier - 10. La responsabilidad laboral en la franquicia / Antonio J. Barrera Nicholson - 11. Los grupos de empresa / Azucena Beatriz Ragusa - 12. Grupo de empresas / Alejandro Castello - 12. El tratamiento de las reestructuraciones y crisis de empresas en el sistema jurídico Argentino / Mariano Recalde - 13. El tratamiento de las reestructuraciones y crisis de empresas en el marco del MERCOSUR y en los sistemas nacionales comparados / Héctor Zapirain - 14. La regulación jurídico-laboral de la transmisión de empresas / Pablo Candal - 15. La regulación jurídico-laboral de la transmisión de empresas. Transmisión de empresas en el ordenamiento jurídico Uruguayo / Rosina Rossi Albert - 16. La regulación jurídico-laboral de los despidos colectivos / Marcelo G. Aquino - 17. La regulación jurídico-laboral de los despidos colectivos / María Violeta Saldivia y Pablo Balao Recchi - 18. La regulación jurídico-laboral de la insolvencia empresarial y la protección de los créditos laborales / Mariano Núñez - 19. La regulación jurídico-laboral de la insolvencia empresarial y la protección de los créditos laborales / Adriana López y Rosario Oiz Márquez - 20. La consideración de la empresa y su influencia sobre la caracterización de las relaciones laborales / Mariano Garmendia Arigón.
590 ## - LOCAL NOTE (RLIN)
Local note niveau_biblio:m niveau_hierar:0
700 1# - ADDED ENTRY--PERSONAL NAME
Personal name Tosca, Diego M.
700 1# - ADDED ENTRY--PERSONAL NAME
Personal name Uriarte, Óscar Ermida
700 1# - ADDED ENTRY--PERSONAL NAME
Personal name Goldín, Adrián
700 1# - ADDED ENTRY--PERSONAL NAME
Personal name Raso Delgue, Juan
856 41 - ELECTRONIC LOCATION AND ACCESS
Uniform Resource Identifier <a href="https://www.biblioeco.unsa.edu.ar/pmb/images/libros/L128026.jpg">https://www.biblioeco.unsa.edu.ar/pmb/images/libros/L128026.jpg</a>
Link text Imagen de portada
Electronic format type image/jpeg
942 ## - ADDED ENTRY ELEMENTS (KOHA)
Koha item type
Existencias
Withdrawn status Lost status Damaged status Not for loan Home library Current library Shelving location Date acquired Total checkouts Full call number Barcode Date last seen Price effective from Koha item type
        Biblioteca Prof. Eusebio Cleto del Rey Biblioteca Prof. Eusebio Cleto del Rey   07/04/2026   349.2 A182t L128026 07/04/2026 07/04/2026 Libro
        Biblioteca Prof. Eusebio Cleto del Rey Biblioteca Prof. Eusebio Cleto del Rey   07/04/2026   349.2 A182t L128027 07/04/2026 07/04/2026 Libro